[Event "Barcelona Seniors 55 op 6th"]
[Site "Barcelona"]
[Date "2019.03.25"]
[Round "4.8"]
[White "Codina Blasco, Joan"]
[Black "Saenz Rebull, Jordi"]
[Result "0-1"]
[WhiteElo "1723"]
[BlackElo "1992"]
[PlyCount "51"]
[EventDate "2019.03.04"]
[EventType "swiss"]
[EventRounds "9"]
[EventCountry "ESP"]
[SourceTitle "EXT 2024"]
[Source "ChessBase"]
[SourceDate "2023.10.10"]
[SourceVersion "1"]
[SourceVersionDate "2023.10.10"]
[SourceQuality "1"]

1. e4 e6 2. d4 d5 3. e5 c5 4. c3 Nc6 5. Nf3 Bd7 6. a3 cxd4 7. cxd4 Rc8 8. b4 a6 9. Be2 Qb6 10. 0-0 Nge7 11. Nbd2 Nxd4 12. Bb2 Nxe2+ 13. Qxe2 Bb5 14. Qd1 Bxf1 15. Nxf1 Nc6 16. Ng3 g6 17. h4 Bh6 18. h5 0-0 19. Bc1 Bxc1 20. Rxc1 Ne7 21. Rb1 Rc4 22. Nh2 Qd4 23. Qe2 Rfc8 24. Nf3 Qf4 25. Nf1 Qf5 26. hxg6 0-1

[Event "Barcelona Tres Peons-G 46th"]
[Site "Barcelona"]
[Date "2017.06.16"]
[Round "9.2"]
[White "Saenz Rebull, Jordi"]
[Black "Lopez Forn, Marc"]
[Result "0-1"]
[WhiteElo "2053"]
[BlackElo "2051"]
[PlyCount "126"]
[EventDate "2017.04.21"]
[EventType "swiss"]
[EventRounds "9"]
[EventCountry "ESP"]
[SourceTitle "EXT 2024"]
[Source "ChessBase"]
[SourceDate "2023.10.10"]
[SourceVersion "1"]
[SourceVersionDate "2023.10.10"]
[SourceQuality "1"]

1. e4 c5 2. c3 d5 3. exd5 Qxd5 4. d4 cxd4 5. cxd4 Nc6 6. Nf3 Bg4 7. Be2 e6 8. Nc3 Qh5 9. h3 Bd6 10. Qa4 Nf6 11. a3 0-0 12. Qb5 e5 13. dxe5 Nxe5 14. Nxe5 Bxe5 15. 0-0 Bxe2 16. Qxe2 Qxe2 17. Nxe2 Rac8 18. Rb1 Rc2 19. Nc3 b6 20. Re1 Bxc3 21. bxc3 Rxc3 22. Bb2 Rc6 23. Bxf6 Rxf6 24. Re7 Ra8 25. Rb7 g6 26. Rc1 a6 27. Rcc7 Rd8 28. Rd7 Re8 29. Re7 Rxe7 30. Rxe7 Rf4 31. Re3 b5 32. g3 Rc4 33. Kg2 h5 34. h4 Kg7 35. Kf3 Kf6 36. Rb3 g5 37. hxg5+ Kxg5 38. Rd3 f5 39. Kg2 h4 40. gxh4+ Rxh4 41. Rd6 Ra4 42. Rd3 Kf4 43. Re3 Re4 44. Rc3 Rc4 45. Re3 a5 46. Rb3 b4 47. axb4 Rxb4 48. Re3 a4 49. Re8 Rb2 50. Ra8 Ra2 51. Re8 a3 52. Ra8 Ra1 53. Ra4+ Ke5 54. Kf3 a2 55. Ra5+ Kd4 56. Kf4 Kc3 57. Kxf5 Kb3 58. f4 Re1 59. Rxa2 Kxa2 60. Kg5 Kb3 61. f5 Kc4 62. f6 Kd5 63. f7 Rf1 0-1

[Event "Barcelona Tres Peons-G 46th"]
[Site "Barcelona"]
[Date "2017.06.09"]
[Round "8.4"]
[White "Cespedes Llaverias, Llibert"]
[Black "Saenz Rebull, Jordi"]
[Result "1/2-1/2"]
[WhiteElo "2013"]
[BlackElo "2053"]
[PlyCount "83"]
[EventDate "2017.04.21"]
[EventType "swiss"]
[EventRounds "9"]
[EventCountry "ESP"]
[SourceTitle "EXT 2024"]
[Source "ChessBase"]
[SourceDate "2023.10.10"]
[SourceVersion "1"]
[SourceVersionDate "2023.10.10"]
[SourceQuality "1"]

1. e4 e6 2. d4 d5 3. Nc3 Bb4 4. Nge2 dxe4 5. a3 Be7 6. Nxe4 Nf6 7. Nxf6+ Bxf6 8. Be3 b6 9. Nf4 Bb7 10. Qg4 Nd7 11. 0-0-0 Qe7 12. Bc4 0-0-0 13. Rhe1 g6 14. Kb1 h5 15. Qe2 c6 16. Ba6 Nb8 17. Bc4 Rhe8 18. g4 h4 19. Nh3 b5 20. g5 Bg7 21. Bb3 Nd7 22. Qg4 c5 23. c4 cxd4 24. Bxd4 Bxd4 25. Qxd4 Nc5 26. Qe3 Nxb3 27. Qxb3 bxc4 28. Qxc4+ Kb8 29. Qxh4 Rh8 30. Qg3+ Qc7 31. Rxd8+ Rxd8 32. Qxc7+ Kxc7 33. Re3 Rd4 34. Rg3 Rd1+ 35. Kc2 Rh1 36. Nf4 Rxh2 37. Nd3 Be4 38. Kc3 Bxd3 39. Rxd3 Rxf2 40. Rh3 Rf5 41. Rg3 Kd6 42. Kd4 1/2-1/2

[Event "Barcelona Vila Gracia Seniors 55 op 3rd"]
[Site "Barcelona"]
[Date "2016.04.25"]
[Round "6.7"]
[White "Saenz Rebull, Jordi"]
[Black "Vallbona Domingo, Joan"]
[Result "1/2-1/2"]
[WhiteElo "2040"]
[BlackElo "1942"]
[PlyCount "65"]
[EventDate "2016.03.07"]
[EventType "swiss"]
[EventRounds "8"]
[EventCountry "ESP"]
[SourceTitle "EXT 2024"]
[Source "ChessBase"]
[SourceDate "2023.10.10"]
[SourceVersion "1"]
[SourceVersionDate "2023.10.10"]
[SourceQuality "1"]

1. e4 c5 2. c3 Nf6 3. e5 Nd5 4. d4 cxd4 5. Nf3 e6 6. cxd4 b6 7. Nc3 Nxc3 8. bxc3 Qc7 9. Bd2 Be7 10. Bd3 Ba6 11. Qe2 Bxd3 12. Qxd3 d5 13. exd6 Bxd6 14. 0-0 Nd7 15. Rfe1 0-0 16. h3 Rac8 17. Ng5 Nf6 18. Ne4 Nxe4 19. Qxe4 Qc6 20. Qxc6 Rxc6 21. a4 Rb8 22. f4 Kf8 23. Reb1 Ke7 24. Kf2 Kd7 25. Rb5 g6 26. Ke3 a6 27. Rb3 Be7 28. Kd3 Rbc8 29. Rab1 Bd8 30. Rc1 Rc4 31. Ra1 R4c6 32. Rc1 Rc4 33. Ra1 1/2-1/2

[Event "Barcelona Vila de Gracia Seniors 55+ op"]
[Site "Barcelona"]
[Date "2014.04.07"]
[Round "4"]
[White "Daguro Dasalla, Armando"]
[Black "Saenz Rebull, Jordi"]
[Result "1-0"]
[WhiteElo "2112"]
[BlackElo "2207"]
[PlyCount "77"]
[EventDate "2014.03.17"]
[EventType "swiss"]
[EventRounds "8"]
[EventCountry "ESP"]
[SourceTitle "EXT 2015"]
[Source "ChessBase"]
[SourceDate "2014.11.20"]
[SourceVersion "1"]
[SourceVersionDate "2014.11.20"]
[SourceQuality "1"]

1. c4 c6 2. d4 d5 3. Nc3 Nf6 4. Nf3 g6 5. e3 Bg7 6. cxd5 cxd5 7. Bb5+ Nbd7 8. Qb3 e6 9. Qb4 Qe7 10. Bxd7+ Nxd7 11. Qxe7+ Kxe7 12. b3 a6 13. Ba3+ Ke8 14. 0-0 Bf8 15. Bb2 f5 16. Rac1 Bd6 17. Na4 Ke7 18. Ne5 Rd8 19. f4 Bxe5 20. fxe5 b5 21. Ba3+ Kf7 22. Nb2 a5 23. Bd6 Ra7 24. Rc2 Ba6 25. Rfc1 g5 26. Nd3 b4 27. Nf2 Bb5 28. Rc7 Rda8 29. g4 Kg6 30. Kg2 fxg4 31. Nxg4 h5 32. Nf2 Kf5 33. Kf3 g4+ 34. Kg3 Be2 35. R1c2 Bb5 36. Kh4 a4 37. Rxa7 Rxa7 38. Rc8 axb3 39. Rg8 1-0

[Event "Barcelona Vila de Gracia Seniors 55+ op"]
[Site "Barcelona"]
[Date "2014.03.31"]
[Round "3"]
[White "Saenz Rebull, Jordi"]
[Black "Sumelzo Lozano, Jose"]
[Result "1/2-1/2"]
[WhiteElo "2207"]
[BlackElo "2052"]
[PlyCount "136"]
[EventDate "2014.03.17"]
[EventType "swiss"]
[EventRounds "8"]
[EventCountry "ESP"]
[SourceTitle "EXT 2015"]
[Source "ChessBase"]
[SourceDate "2014.11.20"]
[SourceVersion "1"]
[SourceVersionDate "2014.11.20"]
[SourceQuality "1"]

1. e4 c6 2. c4 d5 3. exd5 cxd5 4. cxd5 Qxd5 5. Nc3 Qa5 6. Nf3 e6 7. d4 Nf6 8. Bd3 Nd5 9. Bd2 Nxc3 10. bxc3 Be7 11. 0-0 Nd7 12. Qc2 Nf6 13. Rab1 0-0 14. Rb5 Qc7 15. Ne5 b6 16. Rb3 Bb7 17. Bf4 Bd6 18. Bg3 h6 19. Qe2 Rfe8 20. c4 Qe7 21. Rfb1 Nd7 22. f4 Bxe5 23. fxe5 Rac8 24. Rc3 Nf8 25. h4 Red8 26. Bf2 Rd7 27. c5 Rdc7 28. Rbc1 Nd7 29. Qe3 bxc5 30. dxc5 Nb6 31. Ra3 Bd5 32. Ba6 Nc4 33. Bxc4 Rxc5 34. Qg3 Rxc4 35. Rxc4 Rxc4 36. Rxa7 Rc7 37. Ra4 Rc4 38. Rxc4 Bxc4 39. a3 Qb7 40. Bc5 Qd5 41. Bd6 Bb5 42. Be7 Bc6 43. Kh2 Qe4 44. Bf6 g6 45. Kg1 Qb1+ 46. Kh2 Qe4 47. Kg1 h5 48. Kh2 Kh7 49. Bg5 Kg8 50. Bf4 Kf8 51. Bh6+ Ke8 52. Bg7 Kd7 53. Qf2 Ke8 54. Bf6 Qd5 55. Qb2 Qb5 56. Qb4 Qxb4 57. axb4 Kd7 58. Kg3 Be4 59. Kf2 Kc6 60. g3 Kd5 61. Ke3 Bf5 62. Kf4 Kc4 63. Be7 Kd5 64. b5 Bh3 65. b6 Kc6 66. Bd8 Bg2 67. Kg5 Kd7 68. Bc7 Bb7 1/2-1/2

[Event "Barcelona Vila de Gracia Seniors 55+ op"]
[Site "Barcelona"]
[Date "2014.03.17"]
[Round "1"]
[White "Saenz Rebull, Jordi"]
[Black "Giralt Toro, Julio"]
[Result "1-0"]
[WhiteElo "2207"]
[BlackElo "1824"]
[PlyCount "115"]
[EventDate "2014.03.17"]
[EventType "swiss"]
[EventRounds "8"]
[EventCountry "ESP"]
[SourceTitle "EXT 2015"]
[Source "ChessBase"]
[SourceDate "2014.11.20"]
[SourceVersion "1"]
[SourceVersionDate "2014.11.20"]
[SourceQuality "1"]

1. e4 e6 2. d4 d5 3. Nc3 dxe4 4. Nxe4 Nd7 5. Nf3 Ngf6 6. Bd3 Nxe4 7. Bxe4 Nf6 8. Bd3 c5 9. 0-0 cxd4 10. Nxd4 a6 11. c3 Bd7 12. Bg5 Be7 13. Re1 0-0 14. Qc2 h6 15. Bh4 Nh5 16. Bxe7 Qxe7 17. Be4 Rab8 18. Bf3 Nf6 19. Rad1 Rfd8 20. h3 Qc5 21. Qe2 Re8 22. Nb3 Qb5 23. Qxb5 Bxb5 24. Nc5 b6 25. Ne4 Nxe4 26. Bxe4 Red8 27. f4 Rd7 28. Rxd7 Bxd7 29. Rd1 Bb5 30. Kf2 Kf8 31. Rd4 Ke7 32. Ke3 Rd8 33. Rxd8 Kxd8 34. Kd4 Ke7 35. c4 Bd7 36. c5 bxc5+ 37. Kxc5 Bb5 38. b4 g5 39. g3 f6 40. Bc6 Bf1 41. h4 gxh4 42. gxh4 e5 43. fxe5 fxe5 44. b5 axb5 45. Bxb5 Bxb5 46. Kxb5 e4 47. Kc4 Ke6 48. Kd4 Kf5 49. Ke3 Kg4 50. a4 Kxh4 51. a5 Kg3 52. a6 h5 53. a7 h4 54. a8Q h3 55. Qg8+ Kh2 56. Kxe4 Kh1 57. Kf3 Kh2 58. Kf2 1-0

[Event "Catalunya-chT"]
[Site "Catalunya"]
[Date "2014.01.25"]
[Round "1.4"]
[White "Saenz Rebull, Jordi"]
[Black "Argemi Bartolome, Roger"]
[Result "1-0"]
[WhiteElo "2107"]
[BlackElo "1943"]
[PlyCount "90"]
[EventDate "2014.01.25"]
[EventType "team"]
[EventRounds "11"]
[EventCountry "ESP"]
[SourceTitle "CBM 158 Extra"]
[Source "ChessBase"]
[SourceDate "2014.02.28"]
[SourceVersion "1"]
[SourceVersionDate "2014.02.28"]
[SourceQuality "1"]
[WhiteTeam "Tres Peons"]
[BlackTeam "Barcelona Escola Escacs"]
[WhiteTeamCountry "ESP"]
[BlackTeamCountry "ESP"]

1. e4 c5 2. c3 g6 3. d4 Qc7 4. dxc5 Qxc5 5. Be3 Qc7 6. Nf3 Bg7 7. Bd3 Nf6 8. h3 Nc6 9. 0-0 0-0 10. Nbd2 d5 11. Qc2 b6 12. Bg5 dxe4 13. Nxe4 Bb7 14. Rfe1 Rac8 15. Qe2 h6 16. Bd2 Nxe4 17. Bxe4 Rfe8 18. Rad1 Na5 19. b3 Bxe4 20. Qxe4 Nb7 21. c4 Nc5 22. Qc2 Rcd8 23. Be3 Ne6 24. Qc1 Kh7 25. Rxd8 Rxd8 26. Rd1 Rd7 27. Qc2 Qd8 28. Rxd7 Qxd7 29. b4 Qc7 30. a4 a5 31. bxa5 bxa5 32. Qb3 Nd8 33. Qb5 Bc3 34. Bb6 Qd6 35. c5 Qd1+ 36. Kh2 Ne6 37. Qc4 Bb4 38. Ne5 Kg7 39. c6 Bd6 40. f4 g5 41. Be3 Bc7 42. g3 Qd6 43. Qe4 gxf4 44. gxf4 Nxf4 45. Bxf4 f6 1-0

[Event "Catalunya-chT Primera Gp2"]
[Site "Catalunya"]
[Date "2008.02.03"]
[Round "2"]
[White "Romero Calderon, Juan"]
[Black "Saenz Rebull, Jordi"]
[Result "1-0"]
[WhiteElo "2163"]
[BlackElo "2152"]
[PlyCount "77"]
[EventDate "2008.01.27"]
[EventType "team-tourn"]
[EventRounds "9"]
[EventCountry "ESP"]
[SourceTitle "EXT 2019"]
[Source "ChessBase"]
[SourceDate "2018.10.10"]
[SourceVersion "1"]
[SourceVersionDate "2018.10.10"]
[SourceQuality "1"]

1. d4 d5 2. Nf3 Nf6 3. c4 c6 4. Nc3 e6 5. e3 Nbd7 6. b3 Bb4 7. Bd2 b6 8. Be2 Bb7 9. 0-0 0-0 10. Nxd5 Bxd2 11. Nxf6+ Qxf6 12. Nxd2 c5 13. Bf3 Bxf3 14. Nxf3 Rfd8 15. Qc2 Qg6 16. Qxg6 hxg6 17. Rad1 f6 18. Rd2 Kf7 19. Rfd1 Ke7 20. Nh4 Nf8 21. f4 cxd4 22. Rxd4 Rxd4 23. exd4 Rd8 24. Kf2 Kf7 25. Ke3 Nd7 26. Nf3 Re8 27. b4 Re7 28. c5 b5 29. Nd2 Nb8 30. Ne4 Nc6 31. Nd6+ Kg8 32. a3 a6 33. Kd3 Rd7 34. Re1 Nd8 35. d5 exd5 36. Re8+ Kh7 37. Kd4 Nc6+ 38. Kxd5 Ne7+ 39. Ke6 1-0